000 00878nam a2200193 i 4500
001 84865
003 ES-MaACL
005 20230906175127.0
007 t|
008 041124s1979 sp ||||1| spa d
111 2 _aJornadas Internacionales de Organización Científica (
_d1976.
_cMadrid)
_9833
245 1 3 _aLa investigación científica y el problema agrario /
_cJornadas Internacionales de Organización Científica ; edición preparada por Valentín Hernando Fernández.
260 _aMadrid :
_bConsejo Superior de Investigaciones Científicas,
_c1979.
300 _a400 p. :
_bil. ;
_c27 cm.
500 _aPrecede al tít.: Asociación de Personal Investigador del C.S.I.C.
700 1 _aHernando, Valentín.
_963095
710 2 _aAsociación de Personal Investigador del Consejo Superior de Investigaciones Científicas.
_91625
852 _aES-MaACL
_jL-491
_bR.101314
999 _c84865
_d84865